| 000 | 01391nam a22002897a 4500 | ||
|---|---|---|---|
| 005 | 20080929101452.0 | ||
| 008 | 080929t xxu||||| |||| 00| 0chin d | ||
| 010 | _aHIN-92087 | ||
| 020 |
_a9788178129464 _c235.00 |
||
| 035 | _aHN-64433 | ||
| 037 | _bDBAD / PUB | ||
| 040 |
_aDPL _bHN |
||
| 082 | _a000 | ||
| 100 | _926640 | ||
| 245 | _aआर.गुप्ता कृत पॉपुलर मास्टर गाइड बैंक ऑफ बड़ौदा पी ओ प्रोबेशनरी ऑफिसरःभर्ती परीक्षा / | ||
| 246 |
_aR.L. Gupta krit popular master.guide P.O.Probeshanary Officer Benk Of Baroda _bby |
||
| 260 |
_aनई दिल्ली _bरमेश पब्लिशिंग हाउस _c2011 |
||
| 270 |
_a12-H, न्यू दरियागंज रोड़,ट्रैफिक कोतवाली के सामने _bनई दिल्ली _e110002 _k23261567, 23275224 _l011-23275124 _minfo@rameshpublishinghouse.com |
||
| 300 |
_aवि.पृ. _c24सेमी (अजिल्द) |
||
| 650 | _9697 | ||
| 650 | _926674 | ||
| 650 | _9698 | ||
| 700 | _926643 | ||
| 710 | _926662 | ||
| 942 |
_2ddc _cHN _h000 _mआरगु |
||
| 999 |
_c51170 _d51170 |
||